000 00429nam a2200157Ia 4500
005 20250423095413.0
008 250422s9999 xx 000 0 und d
020 _a0- 672- 60312- 8
050 _aB 2766 .E6B4/
100 _aImmanuel Kant
245 0 _aFoundationa of the metaphysics of morals and what is enlightenment?
260 _bBobbs- Merrill educational publishing
260 _c1959
300 _a92 p
942 _cBK
999 _c30168
_d30168